The financial times guide to making the right investment decisions : (Record no. 18748)
[ view plain ]
| 000 -LEADER | |
|---|---|
| fixed length control field | 01053nam a22002775a 4500 |
| 005 - DATE AND TIME OF LATEST TRANSACTION | |
| control field | 20201128021141.0 |
| 008 - FIXED-LENGTH DATA ELEMENTS--GENERAL INFORMATION | |
| fixed length control field | 141210t2010 enka frd 001 0 eng d |
| 020 ## - INTERNATIONAL STANDARD BOOK NUMBER | |
| International Standard Book Number | 9780273729846 |
| 040 ## - CATALOGING SOURCE | |
| Original cataloging agency | EG-ScBUE |
| Language of cataloging | eng |
| Transcribing agency | EG-ScBUE |
| Modifying agency | EG-ScBUE |
| 082 04 - DEWEY DECIMAL CLASSIFICATION NUMBER | |
| Edition number | 22 |
| Classification number | 332.632 |
| Item number | CAH |
| 100 1# - MAIN ENTRY--PERSONAL NAME | |
| Personal name | Cahill, Michael, |
| 9 (RLIN) | 36860 |
| Dates associated with a name | 1962- |
| 245 14 - TITLE STATEMENT | |
| Title | The financial times guide to making the right investment decisions : |
| Remainder of title | how to analyse companies and value shares / |
| Statement of responsibility, etc | Michael Cahill. |
| 246 34 - VARYING FORM OF TITLE | |
| Title proper/short title | Financial times guides : |
| Remainder of title | making the right investment decisions : how to analyse companies and value shares |
| 250 ## - EDITION STATEMENT | |
| Edition statement | 2nd ed. |
| 260 ## - PUBLICATION, DISTRIBUTION, ETC. (IMPRINT) | |
| Place of publication, distribution, etc | Harlow : |
| Name of publisher, distributor, etc | Financial Times Prentice Hall, |
| Date of publication, distribution, etc | 2010. |
| 300 ## - PHYSICAL DESCRIPTION | |
| Extent | xvii, 350 p. : |
| Other physical details | ill. ; |
| Dimensions | 23 cm. |
| 490 0# - Series Statement | |
| Series statement | Financial Times series. |
| 500 ## - GENERAL NOTE | |
| General note | Glossary : p. 323-339. |
| 500 ## - GENERAL NOTE | |
| General note | Index : p. 341-350. |
| 650 #7 - SUBJECT ADDED ENTRY--TOPICAL TERM | |
| 9 (RLIN) | 1288 |
| Topical term or geographic name as entry element | Investment analysis. |
| Source of heading or term | BUEsh |
| 650 #7 - SUBJECT ADDED ENTRY--TOPICAL TERM | |
| Topical term or geographic name as entry element | Corporations |
| General subdivision | Valuation. |
| 9 (RLIN) | 1291 |
| Source of heading or term | BUEsh |
| 651 ## - SUBJECT ADDED ENTRY--GEOGRAPHIC NAME | |
| Source of heading or term | BUEsh |
| 653 ## - INDEX TERM--UNCONTROLLED | |
| Resource For college | BAEPS, Business Administration |
| Arrived date list | December2014 |
| 653 ## - INDEX TERM--UNCONTROLLED | |
| Resource For college | BAEPS, Economics |
| Arrived date list | August 2016 |
| 942 ## - ADDED ENTRY ELEMENTS (KOHA) | |
| Source of classification or shelving scheme | Dewey Decimal Classification |
| Call number prefix | 332.632 CAH |
| Withdrawn status | Item status | Source of classification or shelving scheme | Damaged status | Not for loan | Vendor | Home library | Current library | Shelving location | Date acquired | Source of acquisition | Cost, normal purchase price | Serial Enumeration / chronology | Total Checkouts | Full call number | Barcode | Date last seen | Cost, replacement price | Koha item type |
|---|---|---|---|---|---|---|---|---|---|---|---|---|---|---|---|---|---|---|
| Dewey Decimal Classification | Baccah | Central Library | Central Library | First floor | 10/12/2014 | 246.00 | 20677 | 332.632 CAH | 000037142 | 15/07/2025 | 307.50 | Book - Borrowing | ||||||
| Dewey Decimal Classification | Baccah | Central Library | Central Library | First floor | 24/08/2016 | Purchase | 352.00 | 25140 | 332.632 CAH | 000033343 | 15/07/2025 | 440.00 | Book - Borrowing |